Bamboos of India: a compendium (Record no. 21109)

MARC details
000 -LEADER
fixed length control field 00389nam a2200145Ia 4500
008 - FIXED-LENGTH DATA ELEMENTS--GENERAL INFORMATION
fixed length control field 140316s9999 xx 000 0 und d
020 ## - INTERNATIONAL STANDARD BOOK NUMBER
International Standard Book Number 8186247254
082 ## - DEWEY DECIMAL CLASSIFICATION NUMBER
Classification number 584.9
Item number SEE/BA
100 ## - MAIN ENTRY--PERSONAL NAME
Personal name Seethalakshmi,K.K
245 ## - TITLE STATEMENT
Title Bamboos of India: a compendium
260 ## - PUBLICATION, DISTRIBUTION, ETC. (IMPRINT)
Place of publication, distribution, etc. Peechi
Name of publisher, distributor, etc. Kerala forest research institute
Date of publication, distribution, etc. 1998
300 ## - PHYSICAL DESCRIPTION
Extent 342
700 ## - ADDED ENTRY--PERSONAL NAME
Personal name Kumar,M.S. Muktesh
942 ## - ADDED ENTRY ELEMENTS (KOHA)
Source of classification or shelving scheme Dewey Decimal Classification
Koha item type Reference Book
Holdings
Withdrawn status Lost status Source of classification or shelving scheme Damaged status Not for loan Home library Current library Shelving location Date acquired Total Checkouts Full call number Barcode Date last seen Price effective from Koha item type Date checked out
    Dewey Decimal Classification     KAU Central Library, Thrissur KAU Central Library, Thrissur Reference 18/03/2014   584.9 SEE/BA 218649 18/03/2014 18/03/2014 Reference Book  
    Dewey Decimal Classification     KAU Central Library, Thrissur KAU Central Library, Thrissur General 09/07/2020 2 584.9 SEE/BA 230606 25/07/2025 09/07/2020 Books (General) 25/07/2025
Kerala Agricultural University Central Library
Thrissur-(Dt.), Kerala Pin:- 680656, India
Ph : (+91)(487) 2372219
E-mail: librarian@kau.in
Website: http://library.kau.in/